000 01257nam0a2200241 i 4500
001 RU\NLR\bibl\1938576
005 20240726042921.0
035 _a(NLR Aleph) 001927865
090 _a3394756
_c3394756
100 _a20120829d2008 |||y0rusy50 ca
101 0 _arus
102 _aRU
105 _ay dm |||||
200 1 _aФормирование и использование комплекта учебно-методических и электронных средств для развития коммуникативных умений иноязычного общения
_e(на примере английского языка)
_eавтореферат диссертации на соискание ученой степени к. п. н.
_eспециальность 13.00.02 <Теория и метод. обуч. и воспит.>
_fБуренкова Диана Юрьевна
_g[Ин-т информатиз. образов.]
210 _aМосква
_d2008
215 _a19 с.
_d21
320 _aБиблиогр.: с. 18-19 (8 назв.)
686 _a13.00.02
_2oksvnk
700 1 _aБуренкова
_bД. Ю.
_gДиана Юрьевна
801 0 _aRU
_bNLR
_c20120829
_gRCR
801 1 _aRU
_bNLR
_c20120829
942 _cBOOK